| 000 | 00934nas a2200301 4500 | ||
|---|---|---|---|
| 001 | BR0810519 | ||
| 003 | BR-BrBNA | ||
| 005 | 20231205112938.0 | ||
| 007 | ta | ||
| 008 | 230509b bl.|||p| |||| 00| 00por d | ||
| 040 |
_aBR-BrBNA _bpor _cBiblioteca Nacional de Agricultura |
||
| 041 | _a(Pt) | ||
| 072 | _aP10 | ||
| 100 | 1 | _aCataldi, M. | |
| 100 | 1 | _aMachado, C.O. | |
| 100 | 1 | _aGuilhon, L.F. | |
| 100 | 1 | _aChou, S.C. | |
| 100 | 1 | _aGomes, J.L. | |
| 100 | 1 | _aBustamante, J.F. | |
| 245 | 1 | _aAnálise das previsões de precipitação obtidas com a utilização do modelo ETA como insumo para modelos de previsão semanal de vazão natural | |
| 650 | _aÁGUA | ||
| 650 | _aPREVISÃO | ||
| 650 | _aVAZÃO | ||
| 650 | _aETA | ||
| 773 | 0 |
_tRevista Brasileira de Recursos Hídricos (Brazil) _xISSN 1414-381X _g(Jul-Sep 2007), v. 12(3) p. 5-12 _wBR0810519 |
|
| 909 |
_a202311 _bLúcia _c55 _dLúcia Elande |
||
| 942 |
_2AGRIS _n0 _cANA |
||
| 999 |
_c200947 _d200947 |
||